Gabriel garcia marquez tanhai ke 100 saal (Record no. 1230540)

MARC details
000 -LEADER
fixed length control field 00675nam a2200217Ia 4500
005 - DATE AND TIME OF LATEST TRANSACTION
control field 20241129111443.0
008 - FIXED-LENGTH DATA ELEMENTS--GENERAL INFORMATION
fixed length control field 241129s9999||||xx |||||||||||||| ||und||
020 ## - INTERNATIONAL STANDARD BOOK NUMBER
International Standard Book Number 9788119533282
037 ## - SOURCE OF ACQUISITION
Stock number TB
040 ## - CATALOGING SOURCE
Original cataloging agency CRL
Language of cataloging eng
Transcribing agency CRL
041 ## - LANGUAGE CODE
Language code of text/sound track or separate title urd
Source of code urd
084 ## - COLON CLASSIFICATION NUMBER
Classification number O123,3M28,GG 168R3
Assigning agency CRL
100 ## - MAIN ENTRY--PERSONAL NAME
Personal name Marquez Garcia Au.; Zeenat Hisam Tr.
9 (RLIN) 724452
245 #0 - TITLE STATEMENT
Title Gabriel garcia marquez tanhai ke 100 saal
Statement of responsibility, etc. Marquez Garcia Au.; Zeenat Hisam Tr.
260 ## - PUBLICATION, DISTRIBUTION, ETC.
Place of publication, distribution, etc. Delhi, India
Name of publisher, distributor, etc. Arshia Publications
Date of publication, distribution, etc. 2023
300 ## - PHYSICAL DESCRIPTION
Extent 410P.
365 ## - TRADE PRICE
Price type code INR
Price amount 550
650 ## - SUBJECT ADDED ENTRY--TOPICAL TERM
Topical term or geographic name entry element Spanish Literature
9 (RLIN) 37272
942 ## - ADDED ENTRY ELEMENTS (KOHA)
Koha item type Textbook
Classification part O123,3M28,GG 168R3
Holdings
Withdrawn status Lost status Damaged status Not for loan Home library Current library Date acquired Source of acquisition Cost, normal purchase price Inventory number Total Checkouts Full call number Barcode Date last seen Price effective from Koha item type
        Central Library Central Library 2024-11-29 M.R.Publications 550.00 3117 & 14/02/2024   O123,3M28,GG 168R3 CL1681344 2024-11-29 2024-11-29 Textbook
Copyright @ Delhi University Library System